Európske fondy na modernizáciu škôl
Snaha vlády zabezpečiť kvalitu vzdelávania. Modernizácia školstva, progresívne metódy vzdelávania. Žiadosti vzdelávacích inštitúcií, aj ich zriaďovateľov, o nenávratný finančný príspevok z európskych fondov. Miliardy na vzdelávanie. Podpora z európskych zdrojov. Zlepšenie podmienok a kvality ubytova...
Salvato in:
| Autore principale: | |
|---|---|
| Natura: | Capitolo di libro |
| Lingua: | slovacco |
| Soggetti: | |
| Tags: |
Nessun Tag, puoi essere il primo ad aggiungerne!!
|
MARC
| LEADER | 00000naa$a2200000$$$4500 | ||
|---|---|---|---|
| 001 | 0092982 | ||
| 005 | 20231016090004.3 | ||
| 041 | 0 | |a slo | |
| 044 | |a SK | ||
| 245 | 1 | 0 | |a Európske fondy na modernizáciu škôl |c Emil Semanco |
| 520 | |a Snaha vlády zabezpečiť kvalitu vzdelávania. Modernizácia školstva, progresívne metódy vzdelávania. Žiadosti vzdelávacích inštitúcií, aj ich zriaďovateľov, o nenávratný finančný príspevok z európskych fondov. Miliardy na vzdelávanie. Podpora z európskych zdrojov. Zlepšenie podmienok a kvality ubytovania na internátoch. | ||
| 610 | 2 | 0 | |a školstvo |
| 610 | 2 | 0 | |a vzdelávanie |
| 610 | 2 | 0 | |a modernizácia |
| 610 | 2 | 0 | |a fondy štruktúrne |
| 610 | 2 | 0 | |a fond kohézny |
| 100 | 1 | |a Semanco, Emil | |